Gaming Quiz

Random Gaming or Minecraft Quiz

Minecraft Craftable Items Quiz Stats

 Plays Quiz not verified by Sporcle

Also try: Pokémon Inception
Challenge
Share
Tweet
Embed
Score 0/292 Timer 20:00
0 Plays Today
Recipe Item % Correct
9 gold ingotsgold block
7.9%
4 sandsandstone
6.9%
1 stick, 1 coaltorch
6.9%
8 glass, 1 brown dyebrown stained glass
6.9%
8 stained clay, 1 lime dyelime stained clay
6.9%
1 stick, 2 cobblestonestone sword
6.9%
1 pink dye, 1 purple dyemagenta dye
6.9%
1 pumpkinpumpkin seeds
6.9%
1 brown mushroom, 1 sugar, 1 spider eyefermented spider eye
6.9%
3 nether bricknether brick slab
5.9%
9 snowballssnow block
5.9%
4 glowstone dustglowstone
5.9%
8 glass, 1 lime dyelime stained glass
5.9%
9 melon slicesmelon
5.9%
8 stained clay, 1 cyan dyecyan stained clay
5.9%
2 pink woolpink carpet
5.9%
3 red sandstonered sandstone slab
5.9%
1 flint, 1 stick, 1 featherarrow
5.9%
2 sticks, 3 gold ingotsgold pickaxe
5.9%
2 sticks, 2 iron ingotsiron hoe
5.9%
3 sugar canepaper
5.9%
1 lightgray dye, 1 woollight gray wool
5%
1 purple dye, 1 woolpurple wool
5%
1 blue dye, 1 woolblue wool
5%
1 brown dye, 1 woolbrown wool
5%
6 wooden planks, 3 booksbookshelf
5%
6 iron ingots, 1 stickrail
5%
8 glass, 1 bonemealwhite stained glass
5%
8 glass, 1 green dyegreen stained glass
5%
1 wooden plankwood button
5%
2 lime wool lime carpet
5%
9 coalcoal block
5%
2 sticks, 1 iron ingotiron shovel
5%
1 flint, 1 iron ingotflint and steel
5%
1 stick, 2 gold ingotsgold sword
5%
1 gray dye, 1 bone meallight gray dye
5%
3 wooden planks, 3 woolbed
5%
2 wheat, 1 cocoa beancookie
5%
1 blaze powder, 1 ender pearleye of ender
5%
4 string, 1 slimeballlead
5%
7 cobblestone, 1 redstone, and a bowdispenser
4%
1 orange dye, 1 woolorange wool
4%
1 pink dye, 1 woolpink wool
4%
1 cyan dye, 1 woolcyan wool
4%
1 red dye, 1 woolred wool
4%
3 brickbrick slab
4%
3 stone brickstone brick slab
4%
1 cobblestone, 1 vinemossy cobble stone
4%
4 clayclay block
4%
8 glass, 1 gray dyegray stained glass
4%
8 glass, 1 blue dyeblue stained glass
4%
4 obsidian, 2 diamonds, 1 bookenchanting table
4%
6 sandstonesandstone stair
4%
1 chest, 1 tripwire hooktrapped chest
4%
9 redstoneredstone block
4%
4 quartzquartz block
4%
6 quartzquartz stair
4%
8 stained clay, 1 bone mealwhite stained clay
4%
8 stained clay, 1 orange dyeorange stained clay
4%
8 stained clay, 1 light blue dyelight blue stained clay
4%
8 stained clay, 1 ink sacblack stained clay
4%
6 white stained glasswhite stained glass pane
4%
6 gray stained glassgray stained glass pane
4%
6 light gray stained glasslight gray stained glass pane
4%
6 brown stained glassbrown stained glass pane
4%
4 prismarine shardsprismarine
4%
2 white woolwhite carpet
4%
2 sticks, 1 wooden plankwood shovel
4%
2 sticks, 3 cobblestonestone pickaxe
4%
1 stick, 2 diamondsdiamond sword
4%
2 sticks, 1 diamonddiamond shovel
4%
2 wooden planksstick
4%
2 sticks, 1 gold ingotgold shovel
4%
3 wheatbread
4%
4 diamondsdiamond boots
4%
8 sticks, 1 woolpainting
4%
8 gold ingots, 1 applegolden apple
4%
5 iron ingotsminecart
4%
3 leather, 1 paperbook
4%
1 poppyrose red
4%
1 bone meal, 1 green dyelime dye
4%
1 red dye, 1 yellow dyeorange dye
4%
3 wheat, 2 sugar, 3 milk, 1 eggcake
4%
1 melon slicemelon seeds
4%
8 gold nuggets, 1 carrotgolden carrot
4%
1 minecart, 1 TNTTNT minecart
4%
1 cooked rabbit, 1 carrot, 1 baked potato, 1 brown mushroom, 1 bowlrabbit stew
4%
2 sticks, 3 gold ingotsgold axe
3%
4 andesitepolished andesite
3%
1 woodwooden plank
3%
1 magenta dye, 1 woolmagenta wool
3%
1 lime dye, 1 woollime wool
3%
1 green dye, 1 woolgreen wool
3%
9 iron ingotsiron block
3%
3 sandstonesandstone slab
3%
3 wooden plankswood slab
3%
8 wooden plankschest
3%
9 diamondsdiamond block
3%
Recipe Item % Correct
7 sticksladder
3%
1 stick, 1 redstoneredstone torch
3%
8 wooden planks, 1 diamondjuke box
3%
1 pumpkin, 1 torchjack o lantern
3%
8 glass, 1 orange dyeorange stained glass
3%
8 glass, 1 pink dyepink stained glass
3%
8 glass, 1 purple dyepurple stained glass
3%
8 glass, 1 red dyered stained glass
3%
6 iron ingotsiron bars
3%
6 bricksbrick stair
3%
6 nether bricksnether stair
3%
8 obsidian, 1 eye of enderender chest
3%
1 nether star, 5 glass, 3 obsidianbeacon
3%
6 cobblestonecobblestone wall
3%
6 mossy cobblestonemossy cobblestone wall
3%
3 iron blocks, 4 iron ingotsanvil
3%
7 cobblestone, 1 redstonedropper
3%
8 stained clay, 1 gray dyegray stained clay
3%
6 cyan stained glasscyan stained glass pane
3%
6 blue stained glassblue stained glass pane
3%
6 iron ingotsiron trapdoor
3%
8 prismarine shards, 1 ink sacdark prismarine
3%
4 prismarine shards, 5 prismarine crystalssea lantern
3%
2 orange woolorange carpet
3%
2 light blue woollight blue carpet
3%
2 yellow woolyellow carpet
3%
2 gray woolgray carpet
3%
2 light gray woollight gray carpet
3%
2 cyan woolcyan carpet
3%
2 red sandstone slabschiseled red sandstone
3%
2 sticks, 3 iron ingotsiron pickaxe
3%
2 sticks, 3 wooden plankswood pickaxe
3%
2 sticks, 3 diamondsdiamond pickaxe
3%
3 wooden planksbowl
3%
1 red mushroom, 1 brown mushroom, 1 bowlmushroom soup
3%
8 leatherleather chestplate
3%
4 leatherleather boots
3%
7 diamondsdiamond leggings
3%
7 gold ingotsgold leggings
3%
8 gold blocks, 1 appleenchanted golden apple
3%
1 minecart, 1 chestminecart with chest
3%
3 sticks, 2 stringfishing rod
3%
4 gold ingots, 1 redstone clock
3%
1 bone meal, 1 lapis lazulilight blue dye
3%
1 bonebone meal
3%
1 gold ingotgold nugget
3%
1 blaze rodblaze powder
3%
8 gold nuggets, 1 melon sliceglistering melon
3%
1 blaze powder, 1 coal, 1 gunpowderfire charge
3%
1 fishing rod, 1 carrotcarrot on a stick
3%
1 pumpkin, 1 sugar, 1 eggpumpkin pie
3%
1 stick, 6 woolbanner
3%
1 piston and 1 slimeballsticky piston
2%
1 lightblue dye, 1 woollight blue wool
2%
1 gray dye, 1 woolgray wool
2%
3 cobblestonecobblestone slab
2%
4 bricksbricks
2%
5 gunpowder, 4 sandTNT
2%
4 wooden plankscrafting table
2%
8 cobblestonefurnace
2%
1 cobblestone, 1 sticklever
2%
8 glass, 1 light gray dyelight gray stained glass
2%
8 glass, 1 cyan dyecyan stained glass
2%
8 glass, 1 ink sacblack stained glass
2%
4 stonestone bricks
2%
1 stone brick, 1 vinemoss stone bricks
2%
6 netherracknether brick
2%
4 redstone, 1 glowstoneredstone lamp
2%
1 string, 1 stick, 1 wooden planktripwire
2%
9 emeraldsemerald block
2%
3 glass, 3 quartz, 3 wooden planksdaylight sensor
2%
5 iron ingots, 1 chesthopper
2%
6 iron ingots, 2 sticks, 1 redstone torchactivator rail
2%
8 stained clay, 1 magenta dyemagenta stained clay
2%
8 stained clay, 1 pink dyepink stained clay
2%
8 stained clay, 1 purple dyepurple stained clay
2%
8 stained clay, 1 brown dyebrown stained clay
2%
8 stained clay, 1 green dyegreen stained clay
2%
6 orange stained glassorange stained glass pane
2%
6 magenta stained glassmagenta stained glass pane
2%
6 yellow stained glassyellow stained glass pane
2%
6 black stained glassblack stained glass pane
2%
9 slimeballsslime block
2%
9 wheathay block
2%
2 brown woolbrown carpet
2%
2 green woolgreen carpet
2%
2 red woolred carpet
2%
4 red sandstonesmooth red sandstone
2%
2 sticks, 3 iron ingotsiron axe
2%
3 sticks, 3 stringbow
2%
1 stick, 2 iron ingotsiron sword
2%
1 stick, 2 wooden plankswooden sword
2%
2 sticks, 3 wooden plankswood axe
2%
2 sticks, 1 cobblestonestone shovel
2%
2 sticks, 3 cobblestonestone axe
2%
2 sticks, 3 diamondsdiamond axe
2%
2 sticks, 2 wooden plankswood hoe
2%
2 sticks, 2 gold ingotsgold hoe
2%
Recipe Item % Correct
5 leatherleather helmet
2%
8 iron ingotsiron chestplate
2%
7 iron ingotsiron leggings
2%
8 diamondsdiamond chestplate
2%
5 gold ingotsgold helmet
2%
6 wooden plankswood door
2%
3 iron ingotsbucket
2%
5 wooden planksboat
2%
4 rabbit's hideleather
2%
1 minecart, 1 furnaceminecart with furnace
2%
1 cactuspurple dye
2%
8 paper, 1 compassmap
2%
7 iron ingotscauldron
2%
1 book, 1 ink sac, 1 featherbook and quill
2%
1 minecart, 1 hopperminecart with hopper
2%
1 stone slab, 6 sticksarmor stand
2%
1 diorite and 1 quartzgranite
1%
4 granitepolished granite
1%
2 cobblestone and 2 quartzdiorite
1%
4 dioritepolished diorite
1%
1 andesite and 1 cobblestoneandesite
1%
2 dirt 2 gravelcoarse dirt
1%
2 sandstone slabschiseled sandstone
1%
4 sandstonesmooth sandstone
1%
8 wooden planks and 1 redstonenote block
1%
6 iron ingots, 1 stone pressure plate, and 1 redstonedetector rail
1%
3 wooden planks, 4 cobblestone, 1 iron ingot, and 1 redstonepiston
1%
4 stringwhite wool
1%
1 ink sac, 1 woolblack wool
1%
6 wooden plankswooden stair
1%
6 cobblestonecobblestone stairs
1%
2 stonestone pressure plate
1%
1 stonestone button
1%
4 wooden planks, 2 sticksfence
1%
8 glass, 1 magenta dyemagenta stained glass
1%
8 glass, 1 light blue dyelight blue stained glass
1%
6 wooden plankswood trapdoor
1%
2 stone brick slabschiseled stone bricks
1%
6 glassglass pane
1%
6 atone bricksstone brick stair
1%
6 nether bricksnether fence
1%
2 gold ingotslight weighed pressure plate
1%
2 iron ingotsheavy weighed pressure plate
1%
2 quartz slabschiseled quartz block
1%
2 quartzpillar quartz block
1%
8 stained clay, 1 yellow dyeyellow stained clay
1%
8 stained clay, 1 light gray dyelight gray stained clay
1%
8 stained clay, 1 blue dyeblue stained clay
1%
8 stained clay, 1 red dyered stained clay
1%
6 light blue stained glasslight blue stained glass pane
1%
6 lime stained glasslime stained glass pane
1%
6 pink stained glasspink stained glass pane
1%
6 red stained glassred stained glass pane
1%
2 magenta woolmagenta carpet
1%
2 purple woolpurple carpet
1%
2 blue woolblue carpet
1%
2 black woolblack carpet
1%
4 red sandred sandstone
1%
2 sticks, 2 cobblestonestone hoe
1%
2 sticks, 2 diamondsdiamond hoe
1%
5 iron ingotsiron helmet
1%
4 iron ingotsiron boots
1%
5 diamondsdiamond helmet
1%
4 gold ingotsgold boots
1%
6 iron ingotsiron door
1%
4 iron ingots, 1 redstonecompass
1%
1 lapis lazuli, 1 green dyecyan dye
1%
1 white dyegray dye
1%
1 dandeliondandelion yellow
1%
1 sugar canesugar
1%
1 blaze powder, 1 slimeballmagma cream
1%
3 stone, 1 blaze rodbrewing stand
1%
8 sticks, 1 leatheritem frame
1%
1 paper, 1 gunpowderfirework
1%
1 gunpowder, 1 dye (doesn't matter)firework star
1%
3 stone, 3 redstone torches, 1 quartzredstone comparator
1%
9 lapis lazulilapiz lazuli block
0%
6 gold ingots, 1 stick, and 1 redstonepowered rail
0%
1 yellow dye, 1 woolyellow wool
0%
3 stonestone slab
0%
3 quartzquartz slab
0%
2 wooden plankswood pressure plate
0%
8 glass, 1 yellow dyeyellow stained glass
0%
4 sticks, 2 wooden planksgate
0%
6 purple stained glasspurple stained glass pane
0%
6 green stained glassgreen stained glass pane
0%
9 prismarine shardsprismarine brick
0%
6 red sandstonered sandstone stair
0%
7 leatherleather leggings
0%
8 gold ingotsgold chestplate
0%
1 stick, 6 wooden plankssign
0%
1 peony or 1 pink tulippink dye
0%
3 iron stone, 2 redstone torches, 1 redstoneredstone repeater
0%
2 iron ingotsshears
0%
3 glassglass bottle
0%
3 bricksflower pot
0%

You're not logged in!

Compare scores with friends on all Sporcle quizzes.
Join for Free
OR
Log In

You Might Also Like...

Show Comments

Extras

Top Quizzes Today


Score Distribution

Your Account Isn't Verified!

In order to create a playlist on Sporcle, you need to verify the email address you used during registration. Go to your Sporcle Settings to finish the process.

Report this User

Report this user for behavior that violates our Community Guidelines.

Details: